000 01485nam a22001697a 4500
003 SGT
020 _a9789339221188
082 _a339.DOR
100 _aDORNBUSCH,RUDIGER
245 _aMACROECONOMICS
250 _a11TH
260 _aNEW DELHI
_bTMH
_c2015
300 _a636
650 _aMACROECONOMICS & RELATED TOPICS
653 _aPART 1 – INTRODUCTION AND NATIONAL INCOME ACCOUNTING CHAPTER 1 – INTRODUCTION CHAPTER 2 – NATIONAL INCOME ACCOUNTING PART 2 – GROWTH, AGGREGATE SUPPLY AND DEMAND, AND POLICY CHAPTER 3 – GROWTH AND ACCUMULATION CHAPTER 4 – GROWTH AND POLICY CHAPTER 5 – AGGREGATE SUPPLY AND DEMAND CHAPTER 6 – AGGREGATE SUPPLY: WAGES, PRICES, AND UNEMPLOYMENT CHAPTER 7 – THE ANATOMY OF INFLATION AND UNEMPLOYMENT CHAPTER 8 – POLICY PREVIEW PART 3 – FIRST MODELS CHAPTER 9 – INCOME AND SPENDING CHAPTER 10 – MONEY, INTEREST, AND INCOME CHAPTER 11 – MONETARY AND FISCAL POLICY CHAPTER 12 – INTERNATIONAL LINKAGES PART 4 – BEHAVIORAL FOUNDATIONS CHAPTER 13 – CONSUMPTION AND SAVING CHAPTER 14 – INVESTMENT SPENDING CHAPTER 15 – THE DEMAND FOR MONEY CHAPTER 16 – THE FED, MONEY, AND CREDIT CHAPTER 17 – POLICY CHAPTER 18 – FINANCIAL MARKETS AND ASSET PRICES PART 5 – BIG EVENTS, INTERNATIONAL ADJUSTMENTS, AND ADVANCED TOPICS CHAPTER 19 – BIG EVENTS: THE ECONOMICS OF DEPRESSION, HYPERINFLATION, AND DEFICITS CHAPTER 20 – INTERNATIONAL ADJUSTMENT AND INTERDEPENDENCE CHAPTER 21 – ADVANCED TOPICS
942 _2ddc
_cFCM
_02
999 _c9014
_d9014